Máquinas de combustión (Record no. 139957)

MARC details
000 -LEADER
campo de control de longitud fija 00751nam a2200169 4500
001 - NÚMERO DE CONTROL
campo de control 139957
003 - IDENTIFICADOR DE NÚMERO DE CONTROL
campo de control ES-MaACL
005 - FECHA Y HORA DE LA ÚLTIMA TRANSACCIÓN
campo de control 20230906195945.0
007 - CAMPO FIJO DE DESCRIPCIÓN FÍSICA--INFORMACIÓN GENERAL
campo de control de longitud fija t|
008 - DATOS DE LONGITUD FIJA--INFORMACIÓN GENERAL
campo de control de longitud fija 070214s1960 sp r ||||1| spa d
100 1# - ENTRADA PRINCIPAL--NOMBRE DE PERSONA
Nombre de persona Schmidt, Fritz A. F.
9 (RLIN) 104474
245 10 - MENCIÓN DEL TÍTULO
Título Máquinas de combustión
Resto del título : motores y turbinas de gas : principios termodinámicos y experimentales de los motores de combustión /
Mención de responsabilidad, etc. Fritz A. F. Schmidt ; traducción de la 3ª ed. alemana, actualizada y ampliada expresamente para la versión española por Juan José Chico Gárate.
260 ## - PUBLICACIÓN, DISTRIBUCIÓN, ETC.
Lugar de publicación, distribución, etc. Barcelona [etc.] :
Nombre del editor, distribuidor, etc. Labor,
Fecha de publicación, distribución, etc. 1960.
300 ## - DESCRIPCIÓN FÍSICA
Extensión XII, 499 p. :
Otras características físicas il. ;
Dimensiones 23 cm +
Material acompañante/anejo 5 gráf. pleg.
700 1# - ENTRADA AGREGADA--NOMBRE PERSONAL
Nombre de persona Chico Gárate, Juan José.
9 (RLIN) 38489
852 ## - LOCALIZACIÓN
Ubicación ES-MaACL
Número de control de estantería C-18237
Sublocalización o colección R.45052
Holdings
Estatus retirado Estado de pérdida Estado de daño No para préstamo Biblioteca de origen Biblioteca actual Ubicación en estantería Fecha de adquisición Fuente de adquisición Total de préstamos Signatura topográfica completa Código de barras Visto por última vez Precio de reemplazo Tipo de ítem Koha
        Biblioteca del Ateneo de Madrid Biblioteca del Ateneo de Madrid Galería 17/01/2008     C-18237 1145642 23/02/2023 23/02/2023 Libro impreso